000 01019nam a2200313 i 4500
003 DO-SdBNP
005 20260321073646.0
007 ta
008 250512b2012 dr ||||| |||| 00| 0 spa d
020 _a9789945195590
040 _aDO-SdBNP
_bspa
_cBNPHU
_erda
041 _aspa
082 4 _aRD863.44
_bB742cuen
_222
100 1 _a Bosch, Juan,
_d1909-2001
_eautor
_4aut.
_976555
245 1 0 _aCuentos inolvidables de Juan Bosch /
_cJuan Bosch ; selección, prólogo y notas, Melania Emeterio Rondón
264 1 _aSanto Domingo :
_bAlfaguara,
_c2012.
300 _a183 páginas ;
_c22 cm.
336 _atexto
_btxt
_2rdacontent
337 _asin mediación
_bn
_2rdamedia
338 _avolumen
_bnc
_2rdacarrier
490 1 _aColección Alfaguara
490 1 _aSerie Roja
590 _aInventariado, 2020/MFF
650 4 _aCuentos dominicanos
_9176
650 4 _aLiteratura dominicana.
_967
830 0 _aColección Alfaguara
_pSerie Roja
_917564
910 _aValidado. Control de calidad MFF
942 _2ddc
_cLBS1
999 _c59002
_d59002